Men´s wives, The Bedford-Row conspiracy, Etc., Etc. (Record no. 6479)
[ view plain ]
| 000 -CABECERA | |
|---|---|
| campo de control de longitud fija | 01288nam a2200313 a 4500 |
| 001 - NÚMERO DE CONTROL | |
| campo de control | BRCA_6796 |
| 005 - FECHA Y HORA DE LA ÚLTIMA TRANSACCIÓN | |
| campo de control | 20190320205608.0 |
| 008 - DATOS DE LONGITUD FIJA--INFORMACIÓN GENERAL | |
| campo de control de longitud fija | 031111s1900----enka######---#000-0#eng-# |
| 041 ## - CÓDIGO DE LENGUA | |
| Código de lengua del texto/banda sonora o título independiente | eng |
| 044 ## - CÓDIGO DEL PAÍS DE LA ENTIDAD EDITORA/PRODUCTORA | |
| Código MARC del país | enk |
| 050 #4 - SIGNATURA TOPOGRÁFICA DE LA BIBLIOTECA DEL CONGRESO | |
| Número de clasificación | PZ3 |
| Número de documento/Ítem | .N49 2 1900 |
| 100 1# - ENTRADA PRINCIPAL--NOMBRE DE PERSONA | |
| Nombre de persona | Thackeray, William Makepeace |
| Fechas asociadas al nombre | 1811-1863 |
| 9 (RLIN) | 16943 |
| 245 10 - MENCIÓN DE TÍTULO | |
| Título | Men´s wives, The Bedford-Row conspiracy, Etc., Etc. |
| Mención de responsabilidad, etc. | by William Makepeace Thackeray. |
| 260 ## - PUBLICACIÓN, DISTRIBUCIÓN, ETC. | |
| Lugar de publicación, distribución, etc. | Londres |
| Nombre del editor, distribuidor, etc. | Thomas Nelson and Sons |
| Fecha de publicación, distribución, etc. | 1900 |
| 300 ## - DESCRIPCIÓN FÍSICA | |
| Extensión | ix, 598 p. |
| Otras características físicas | il. |
| Dimensiones | 16 cm. |
| 440 #0 - MENCIÓN DE SERIE/PUNTO DE ACCESO ADICIONAL--TÍTULO | |
| Título | New century library. The works of William Makepeace Thackeray |
| Designación de volumen o secuencia | v.8 |
| 9 (RLIN) | 16944 |
| 500 ## - NOTA GENERAL | |
| Nota general | Edición dividida en 6 temas: 1. Men´s Wives. 2. The Bedford-Row Conspiracy. 3. A Little Dinner at Timmins´s. 4. The history of Samuel Titmarsh and the Great Hoggarty Diamond. 5. The memoirs of Mr. C. J. Yellowplush. 6. Character Sketches |
| 500 ## - NOTA GENERAL | |
| Nota general | Edición con canto de cabeza dorado |
| 500 ## - NOTA GENERAL | |
| Nota general | Ver también N5, N7 y N8 |
| 500 ## - NOTA GENERAL | |
| Nota general | N6 |
| 650 14 - PUNTO DE ACCESO ADICIONAL DE MATERIA--TÉRMINO DE MATERIA | |
| Término de materia o nombre geográfico como elemento de entrada | Literatura inglesa |
| 9 (RLIN) | 16945 |
| 740 0# - PUNTO DE ACCESO ADICIONAL--TÍTULO RELACIONADO O ANALÍTICO NO CONTROLADO | |
| Título relacionado o analítico no controlado | The Bedford-Row Conspiracy |
| 740 0# - PUNTO DE ACCESO ADICIONAL--TÍTULO RELACIONADO O ANALÍTICO NO CONTROLADO | |
| Título relacionado o analítico no controlado | A Little Dinner at Timmins´s |
| 740 0# - PUNTO DE ACCESO ADICIONAL--TÍTULO RELACIONADO O ANALÍTICO NO CONTROLADO | |
| Título relacionado o analítico no controlado | The history of Samuel Titmarsh and the Great Hoggarty Diamond |
| 740 0# - PUNTO DE ACCESO ADICIONAL--TÍTULO RELACIONADO O ANALÍTICO NO CONTROLADO | |
| Título relacionado o analítico no controlado | The memoirs of Mr. C. J. Yellowplush |
| 740 0# - PUNTO DE ACCESO ADICIONAL--TÍTULO RELACIONADO O ANALÍTICO NO CONTROLADO | |
| Título relacionado o analítico no controlado | Character Sketches |
| 902 ## - CATALOGADOR | |
| Iniciales | GFM |
| 942 ## - ELEMENTOS DE PUNTO DE ACCESO ADICIONAL (KOHA) | |
| Fuente del sistema de clasificación o colocación | Library of Congress Classification |
| Tipo de ítem Koha | Libros |
| Estado de retiro | Estado de pérdida | Estado dañado | No para préstamo | Localización permanente | Ubicación/localización actual | Fecha de adquisición | Número de inventario | Total de préstamos | Signatura topográfica completa | Código de barras | Fecha visto por última vez | Precio válido a partir de | Tipo de ítem Koha |
|---|---|---|---|---|---|---|---|---|---|---|---|---|---|
| El ejemplar forma parte de la colección y puede ser consultado según las políticas vigentes. | Biblioteca del Museo Franz Mayer (Rogerio Casas-Alatriste) | Biblioteca del Museo Franz Mayer (Rogerio Casas-Alatriste) | 03/11/2011 | N6 | PZ3 .N49 2 1900 (N6) | 7243 | 22/03/2019 | 22/03/2019 | Libros |